000 02165nam a2200241Ia 4500
003 Ost
005 20260507075208.0
008 260507s9999||||xx |||||||||||||| ||und||
020 _a8274169957
040 _cfsecg
041 _aara
082 _a330
100 _aالمساعدة، انور محمد صدقي
_eمؤلف
245 0 _aالمسؤولية الجزائية عن الجرائم الاقتصادية :
_bدراسة تحليلية تأصيلية مقارنة في التشريعات الاردنية و السورية و اللبنانية و المصرية و الفرنسية و غيرها /
_c انور محمد صدقي المساعدة
260 _aعمان:
_bدار الثقافة,
_c2009
300 _a456 صفحة؛
_c24 سم
504 _aمراجع ص.437
520 _aماهية الجريمة الاقتصادية و العناصر المؤثرة بها ، المناهج التشريعية في مواجهتها ، طبيعة النموذج القانوني للركن المادي في الجرائم الاقتصادية ، موضع الشروع و الاشتراك الجرمي في الجرائم الاقتصادية ، نطاق الطبيعة القانونية الخاصة للجرائم الاقتصادية في صورتي القصد و الخطأ مدى افتراض العلم و الارادة في الجرائم الاقتصادية ، مدى إقصاء الركن المعنوي في الجرائم الاقتصادية لصالح الركن المادي ، الاختصاص الاستثنائي للنيابة العامة في الجرائم الاقتصادية ، نظام المصالحة في الجرائم الاقتصادية ، الاختصاص القضائي في الجرائم الاقتصادية ، اسناد المسؤولية الجزائية الى الغير في الجرائم الاقتصادية ، اسناد المسؤولية الجزائية الى الشخص المعنوي في الجرائم الاقتصادية.
653 _aالجرائم الاقتصادية
653 _aالقانون الجنائي
653 _aالمسؤولية الجزائية
942 _cكتاب
999 _c43447
_d43447